Indian poetry in English : (Record no. 66576)

MARC details
000 -LEADER
fixed length control field 00790nam a22002297a 4500
005 - DATE AND TIME OF LATEST TRANSACTION
control field 20130723163806.0
010 ## - LCCN (DPL NO)
LC control number ENG-105259
020 ## - INTERNATIONAL STANDARD BOOK NUMBER
International Standard Book Number 9788120345713
Terms of availability 350.00
035 ## - SYSTEM CONTROL NUMBER
System control number EN-88792
035 ## - SYSTEM CONTROL NUMBER
System control number B-491472
037 ## - SOURCE OF ACQUISITION
Source of stock number/acquisition DBAD/PUB
037 ## - SOURCE OF ACQUISITION
Source of stock number/acquisition Literacy House/Ven
Stock number dpl
082 ## - DEWEY DECIMAL CLASSIFICATION NUMBER
Classification number 881.08
245 ## - TITLE STATEMENT
Title Indian poetry in English :
Statement of responsibility, etc edited by Zinia Mitra
Remainder of title critical essays /
260 ## - PUBLICATION, DISTRIBUTION, ETC. (IMPRINT)
Place of publication, distribution, etc New Delhi
Name of publisher, distributor, etc PHI Learning
Date of publication, distribution, etc 2012
270 ## - ADDRESS
Address M-97, Connaught Circus
City New Delhi
Postal code 110001
300 ## - PHYSICAL DESCRIPTION
Extent xvi,455p.
Dimensions 23cm(pbk)
500 ## - GENERAL NOTE
General note Includes bibliographical references and index
700 ## - ADDED ENTRY--PERSONAL NAME
Personal name Mitra, Zinia
9 (RLIN) 47064
942 ## - ADDED ENTRY ELEMENTS (KOHA)
Source of classification or shelving scheme Dewey Decimal Classification
Item type English Books
Classification part 881.08
Call number suffix IND
Holdings
Withdrawn status Lost status Not for loan Collection code Home library Current library Date acquired Source of acquisition Cost, normal purchase price Full call number Barcode Copy number Cost, replacement price Koha item type
    Not For Loan Non-fiction D.B.Act.Division D.B.Act.Division 14/05/2012 DBAD/PUB 350.00 881.08 IND EN-88792 1 350.00 English Books
      Non-fiction Sarojini Nagar Sarojini Nagar 23/07/2013 Literacy House/414/13/11.01.2013/22/18.12.2012/18.01.2013 350.00 881.08 IND B-491472 1 350.00 English Books

© Delhi Public Library
Hit Counter
free hit counter